Music Quiz

Random Music or Clip Quiz

Whistle Songs Quiz Stats

 Plays Quiz Updated Aug 11, 2016

Challenge
Share
Tweet
Score 0/27 Timer 09:00
0 Plays Today
Time Song Title % Correct
1:22White Christmas
71.6%
2:55Don't Worry, Be Happy
63.2%
1:15Walk Like an Egyptian
60.8%
0:11*The Andy Griffith Show
59.6%
0:25Whistle While You Work
59.4%
0:21Centerfold
49.3%
1:06(Sittin' On) The Dock of the Bay
45%
2:29The Good, the Bad, and the Ugly
36%
1:20Always Look on the Bright Side of Life
30.3%
0:28Patience
28.9%
2:13Me and Julio Down by the Schoolyard
26.4%
0:53Golden Years
22.4%
0:56Young Folks
21.6%
0:47Goodbye Stranger
20.1%
Time Song Title % Correct
1:35*Ed, Edd, n Eddy
18.5%
0:00Jealous Guy
17.5%
1:28Wind of Change
16.3%
1:45Colonel Bogey March
15%
2:09There it Go (The Whistle Song)
14.3%
2:36The Stranger
13.6%
2:21Jungle Love
12.7%
2:02How Soon is Now
9.3%
1:40Games Without Frontiers
9.2%
0:39Two of Us
9%
1:03*It's Garry Shandling's Show
4.4%
1:54Step On
3.1%
2:47Bad Sun
0.7%

You're not logged in!

Compare scores with friends on all Sporcle quizzes.
Join for Free
OR
Log In

You Might Also Like...

Show Comments

Extras

Top Quizzes Today


Score Distribution

Your Account Isn't Verified!

In order to create a playlist on Sporcle, you need to verify the email address you used during registration. Go to your Sporcle Settings to finish the process.

Report this User

Report this user for behavior that violates our Community Guidelines.

Details: